Statistics for 15 greatest football players in the world

Click here to take the quiz!

General Stats

  • This quiz has been taken 51 times
  • The average score is 13 of 15

Answer Stats

HintAnswer% Correct
Argentina/ BarcelonaMessi
100%
Portugal/ JuventusRonaldo
100%
Brazil/ PSGNeymar
98%
France/ PSGMbappe
93%
Egypt/ LiverpoolSalah
93%
Senegal/ LiverpoolMane
87%
Belgium/ Man CityDe Bruyne
85%
Belgium/ Real MadridHazard
85%
Netherlands/ LiverpoolVan Dijk
85%
Argentina/ Man CityAguero
83%
Poland/ Bayern MunichLewandowski
83%
Spain/ Real MadridRamos
83%
Gabon/ ArsenalAubameyang
76%
England/ Man CitySterling
76%
Brazil/ LiverpoolAlisson
70%

Score Distribution

Percentile by Number Answered

Percent of People with Each Score

Your Score History

You have not taken this quiz